000 00299nam a2200121Ia 4500
008 220204s9999 xx 000 0 und d
082 _a579:581.557.24
_bHAR
100 _aHARLEY, J L
245 0 _aBiology of mycorrhiza
260 _aLondon
_bLeonard Hill
_c1959
650 _aMycorrhiza
942 _cBK
999 _c19640
_d19640